Laporan Jawatankuasa Khas Kabinet mengenai gaji sektor awam

Bibliographic Details
Corporate Author: MALAYSIA
Format: Book
Published: Kuala Lumpur : Jabatan Perdana Menteri , 1991
Subjects:

MARC

LEADER 00000cam a2200000 7i4500
001 0000001725
005 20011107.0
090 0 0 |a 354.5950012   |b MAL 1991 
110 1 0 |a MALAYSIA 
245 1 0 |a Laporan Jawatankuasa Khas Kabinet mengenai gaji sektor awam 
260 0 0 |a Kuala Lumpur :   |b Jabatan Perdana Menteri ,   |c 1991 
300 |a xiii, [388] p. ;   |c 30 cm. 
650 0 0 |a Civil service   |z Malaysia   |x Salaries, etc. 
998 |a JPSM 
999 |a 0000002659   |b Monograph   |c Open Shelf   |e Default branch